Κοινωνική πολιτική : μια άλλη προσέγγιση
Αποθηκεύτηκε σε:
| Άλλοι συγγραφείς: | , , , , |
|---|---|
| Μορφή: | Βιβλίο |
| Γλώσσα: | Greek English |
| Δημοσίευση: |
Αθήνα :
Gutenberg,
[2007, c2000].
|
| Σειρά: | Βιβλιοθήκη κοινωνικής επιστήμης και κοινωνικής πολιτικής
|
| Θέματα: | |
| Ετικέτες: |
Προσθήκη ετικέτας
Δεν υπάρχουν, Καταχωρήστε ετικέτα πρώτοι!
|
MARC
| LEADER | 00000cam a2200000 i 4500 | ||
|---|---|---|---|
| 001 | 1/45941 | ||
| 008 | 070611s2007####gr ||| | gre|| | ||
| 020 | |a 9789600111316 | ||
| 035 | |l 10088248 | ||
| 040 | |a GR-MY-UA |b gre |e aacr | ||
| 041 | 1 | |a gre |h eng | |
| 082 | 0 | |a 361.61 |2 (22) | |
| 245 | 1 | 0 | |a Κοινωνική πολιτική : |b μια άλλη προσέγγιση / |c Gail Lewis, Sharon Gewirtz & John Clarke, επιμέλεια, μετάφραση: Άννα Χόλογουεη ; επιστημονική επιμέλεια: Όλγα Στασινοπούλου. |
| 260 | |a Αθήνα : |b Gutenberg, |c [2007, c2000]. | ||
| 300 | |a 258 σ. ; |c 24 εκ. | ||
| 490 | 1 | |a (Βιβλιοθήκη κοινωνικής επιστήμης και κοινωνικής πολιτικής ; |v vol.122) | |
| 504 | |a Περιέχει ευρετήριο. | ||
| 500 | |a Μετάφραση του: Rethinking social policy | ||
| 650 | 0 | 0 | |a Social policy. |
| 700 | 1 | |a Lewis, Gail, |d 1951- |e edt | |
| 700 | 1 | |a Gewirtz, Sharon |d 1964- |e edt | |
| 700 | 1 | |a Clarke, John |d 1950- |e edt | |
| 700 | 1 | |a Holloway, Anna, |e trlf | |
| 700 | 1 | |a Στασινοπούλου, Όλγα Β. |e edtf | |
| 830 | 0 | |a Βιβλιοθήκη κοινωνικής επιστήμης και κοινωνικής πολιτικής | |
| 852 | |a INST |b LESVOS |e 20070611 |h 361.61 ΚΟΙ |p 005100038245 |q 005100038245 |t BK |y 0 | ||
| 852 | |a INST |b LESVOS |c EUDOXUS |e 20180202 |h 361.61 ΚΟΙ |p 005100060984 |q 005100060984 |t EDX |y 0 | ||
| 852 | |a INST |b LESVOS |c EUDOXUS |e 20180202 |h 361.61 ΚΟΙ |p 005100060985 |q 005100060985 |t EDX |y 0 | ||
| 901 | |a BIBL1-2007-2 | ||
| 909 | |a Λ |b 135324 | ||
| 920 | |a Εύδοξος |b Παραγγελία |y Λέσβος-ΤΚ |z 2018-01 | ||
| 922 | |a 1ΕΛΗ |b 200705 |c ΕΠΕΑΕΚ2/ΤΚ |d Σ. ΠΑΤΑΚΗΣ | ||
| 970 | |a ΒΑΡΚΑ |b ΕΛΕΥΘΕΡΙΑ |z 2007/06/11 | ||